[Event "Sigeman & Co 04th"]
[Site "Malmo"]
[Date "1996.??.??"]
[Round "1"]
[White "Hector, Jonny"]
[Black "Hansen, Curt"]
[Result "1/2-1/2"]
[WhiteElo "2520"]
[BlackElo "2615"]
[Annotator "Stohl,I"]
[PlyCount "103"]
[EventDate "1996.06.??"]
[EventType "tourn"]
[EventRounds "9"]
[EventCountry "SWE"]
[EventCategory "12"]
[SourceTitle "CBM 054"]
[Source "ChessBase"]
[SourceDate "1996.10.01"]
[SourceVersion "1"]
[SourceVersionDate "1996.10.01"]
[SourceQuality "1"]

1. e4 d6 2. d4 Nf6 3. Nc3 g6 4. f4 Bg7 5. Nf3 O-O 6. Bd3 Nc6 7. e5 {A more
aggresive alternative to} (7. O-O e5 8. fxe5 dxe5 9. d5 Nd4 10. Nxe5 Nxe4 11.
Bxe4 Bxe5 12. Bf4 Bg7 (12... Bxf4 $142 13. Rxf4 Nf5) 13. Qd2 Nf5 14. Rae1 Nd6
15. Bd3 Bd7 16. Bh6 f5 17. Bxg7 Kxg7 18. Qf2 b6 19. Ne2 Qf6 20. Nd4 Rae8 21. c4
a5 22. b3 Rxe1 23. Rxe1 Re8 24. Rxe8 Nxe8 25. g3 Nd6 26. Qe3 Kf7 27. Kf2 Qe7
28. Nf3 Qxe3+ 29. Kxe3 Kf6 30. Kd4 Nb7 31. a3 $16 {[%cal Yb3b4,Yc4c5] _|_/\b4,
c5,De Firmian,N-Koch,W/Copenhagen PC/1996/}) 7... dxe5 8. fxe5 Nh5 9. Be3 Bg4 (
9... f6 $6 10. Bc4+ Kh8 11. e6 $1 f5 12. a3 a6 13. Qd2 Qd6 14. O-O Nd8 15. d5
b5 16. Ba2 c6 17. Rad1 Nf6 18. b4 $1 cxd5 19. Bc5 Qxe6 20. Rfe1 Qc6 21. Nd4 Qc7
22. Rxe7 Qb8 23. Rxg7 Kxg7 24. Bxf8+ Kxf8 25. Qh6+ Kf7 26. Nxd5 Ne6 27. Nf4 {
1-0,Hector,J-Nouro,M/Copenhagen PC/1996/}) 10. Be2 (10. Bc4 $5 Kh8 (10... Qd7
11. Qd2 Rad8 12. O-O-O Na5 13. Be2 f6 14. Qe1 fxe5 15. dxe5 Qc8 16. Nd5 Nc6 17.
Bg5 Rde8 18. h3 Bxf3 19. Bxf3 Qf5 20. Qh4 Qxe5 21. c3 h6 22. Bxe7 Nxe7 23. Rhe1
Nf5 24. Qc4 Nd6 25. Nf6+ Kh8 26. Rxe5 Nxc4 27. Rxe8 Nxf6 28. Re7 Ne8 $15 {
Jakubiec,A-Pacl,V/CZE-chT/1993/}) (10... Na5 11. Be2 c5 12. dxc5 (12. d5 Bxf3
13. gxf3 Bxe5 14. Qd2 Bg7 15. O-O-O b5 16. Bxc5 Rc8 17. Bb4 Nc4 18. Bxc4 Rxc4
19. Ne4 $13 {1/2,Pytel,M-Flueckiger,C/SUI-chT/1995/}) 12... Bxf3 13. Bxf3 Nc4
14. Qe2 Nxe5 15. Bxh5 gxh5 16. Rd1 Qc8 17. Nd5 Qg4 18. h3 Qxe2+ 19. Kxe2 Nc6
20. c3 e5 21. g4 h6 22. Rdf1 f6 23. Rf5 Rad8 24. c4 hxg4 25. hxg4 Nd4+ 26. Bxd4
exd4 27. Kd3 $18 {Glek,I-Tatenhorst,V/Bern op/1994/}) 11. Qd2 (11. O-O f6 12.
exf6 exf6 13. h3 Bxf3 14. Rxf3 f5 15. Ne2 Na5 16. Qd3 Nxc4 17. Qxc4 Qd7 18. c3
Rae8 19. Raf1 Rf6 20. Nf4 Nxf4 21. Bxf4 Rc6 22. Qd3 Rce6 23. Re3 Rxe3 24. Bxe3
Qd5 25. Bf4 c6 26. a3 Re4 $15 {Silman-Miles/American Open/1989/}) 11... f6 12.
exf6 Bxf6 (12... exf6 $142) 13. O-O Bxf3 14. Rxf3 e5 15. d5 Nd4 16. Rff1 Nf5
17. Bf2 Nd6 18. Bb3 Bg5 19. Qe1 Qe7 20. Ne4 Nxe4 21. Qxe4 Rf4 22. Qe2 Raf8 23.
Rae1 a5 24. c3 Nf6 25. Qxe5 Qxe5 26. Rxe5 Ng4 27. Rxg5 Nxf2 28. Bc4 $1 a4 29.
Rg3 $16 {Karpov,An-Nikolaevsky,Y/URS-ch39 Leningrad/1971/}) 10... f6 11. exf6 (
11. d5 $5 Nxe5 12. Nxe5 Bxe2 13. Qxe2 fxe5 14. O-O-O Qd7 15. Qb5 Qg4 16. Qxb7
Rab8 17. Qc6 Qb4 18. b3 Nf4 19. Qc5 Nxg2 20. Qxb4 Rxb4 21. Bc5 Rbf4 22. Bxe7
R8f7 23. d6 cxd6 24. Bxd6 Rf3 25. Ne4 $36 {Browne,W-Timman,J/Amsterdam IBM/
1971/}) 11... exf6 (11... Bxf6 12. Ne4 Bxf3 13. Nxf6+ Nxf6 14. Bxf3 e5 15. dxe5
Nxe5 16. O-O Nxf3+ 17. Rxf3 Qxd1+ 18. Rxd1 Ne4 19. Rxf8+ Rxf8 20. Bh6 Rc8 21.
Rd7 Nf6 22. Rg7+ Kh8 23. Re7 Kg8 24. Rg7+ Kh8 25. Re7 Kg8 26. h3 $14 {[%cal
Gh7c7] Timman,J-Kuzmin,G/Bled/Portoroz/1979/}) 12. Qd2 (12. d5 $6 Qe7 $1 13.
Qd2 Nb4 14. O-O-O Rfe8 15. a3 Nxc2 16. Bf2 Ne3 17. Rde1 Bh6 18. Kb1 Qf8 19.
Bxe3 Bxe3 20. Qd1 Nf4 21. Bf1 Bb6 22. Qd2 Bxf3 23. Rxe8 Rxe8 24. Qxf4 Bh5 25.
g4 g5 26. Qc4 Bg6+ 27. Bd3 Qc5 $19 {Kalesis,N-Dao Thien Hai/Budapest Exp9/1993/
}) 12... Ne7 (12... f5 13. O-O-O f4 14. Bf2 Kh8 $5 (14... Qd7 15. d5 Bxf3 16.
gxf3 Ne5 17. Ne4 Qa4 18. Kb1 b6 19. Ng5 Bf6 20. Ne6 Rf7 21. Bd4 c5 22. Bxe5
Bxe5 23. d6 Nf6 24. Nc7 Rd8 25. Bb5 Qd4 26. Qxd4 cxd4 27. Bc4 $16 {Almasi,
Z-Farago,S/Budapest Honved/1991/}) 15. h3 Bxf3 16. Bxf3 Ng3 17. Bxg3 fxg3 18.
Ne2 Qh4 19. Kb1 Nxd4 20. Nxd4 Rad8 21. c3 c5 22. Rhe1 cxd4 23. Re4 dxc3 24.
Qxd8 Qxd8 25. Rxd8 Rxd8 26. bxc3 Bxc3 27. Rc4 {1/2,Prandstetter,E-Grunberg,S/
Bukarest/1980/}) (12... Re8 13. O-O Qe7 14. Bf2 Rad8 15. h3 Bxf3 16. Bxf3 f5
17. Rae1 Qd7 18. Bxh5 gxh5 19. Rxe8+ Rxe8 20. Ne2 Qf7 21. c3 Qxa2 22. Ng3 Qf7
23. Qf4 $44 {Xu,Y-Segal,A/Halle Wch-U20W/1995/}) 13. Ng5 $5 $146 (13. O-O Nf5
14. Bc4+ Kh8 15. Rae1 Re8 16. h3 Nxe3 17. Rxe3 Bxf3 18. Rfxf3 Rxe3 19. Qxe3 f5
20. Ne2 Qd6 21. c3 Qc6 22. Qe6 Qxe6 23. Bxe6 Re8 24. Bc4 c6 25. Nf4 Re1+ 26.
Kf2 Rb1 27. Nxh5 Rxb2+ 28. Kg3 gxh5 29. Rxf5 $10 {Fehling,M-Koch,W/Dusseldorf/
1994/}) (13. Bd3 Bxf3 14. gxf3 f5 15. O-O-O f4 16. Bf2 Nf5 17. Bc4+ Kh8 18. Ne4
b6 19. Kb1 Bh6 20. d5 Ne3 21. Bxe3 fxe3 22. Qc3+ Ng7 23. d6 cxd6 24. Rxd6 Qh4
25. Be2 Rad8 26. Rhd1 Rxd6 27. Nxd6 Bf4 $36 {Popova,N-Segal,A/EU-chJW U20
Zanka/1995/}) (13. O-O-O $6 Nf5 14. h3 Bxf3 15. Bxf3 Re8 16. Ne4 Nhg3 17. Nxg3
Nxe3 18. Rde1 Bh6 19. Kb1 $10 {1/2,Gretarsson,H-Lamm,S/Reykjavik op/1990/})
13... Qd7 $8 (13... Bxe2 14. Ne6 Qd6 15. Nxg7 (15. Nxf8 $2 Ba6 16. Ne4 Qc6 $19
{[%csl Rf8] פf8}) 15... Nxg7 16. Nxe2 $14 {[%csl Rg7,Rh6] ׻}) (13... fxg5 14.
Bxg4 $16) 14. Nge4 Bxe2 15. Qxe2 Nd5 16. Nxd5 (16. Nc5 Qf7 $10) 16... Qxd5 17.
Nc3 Qc6 18. d5 Qd7 19. O-O-O {Hector as usual goes for the more complicated
alternative with opposite castling. However, due to the open center both sides
have no realistic attacking chances.} (19. O-O f5 $10) 19... Rae8 (19... f5 20.
Qb5 $5 $14) 20. Qf3 f5 (20... a6 $5 $132) 21. Bxa7 $5 {An ambitious try to
imbalance the position. White will not lose his B, but it will be out of play
till the very end of the game.} b6 22. d6 $8 Ra8 23. dxc7 Qxc7 24. Nb5 Qf7 25.
Qa3 $8 (25. Bxb6 $2 Qxa2 $40) 25... Nf6 26. Rd3 Ne4 $44 27. Rhd1 Nc5 (27... Qc4
$2 28. Qb3 $16) 28. Rd5 Rfe8 29. c3 h5 (29... Bf6 $5 {The text weakens Pg6, as
the comment to move 33 shows.}) 30. b4 {This weakening is practically forced,
as there is no other way to activate the pieces, stuck on the Q-side.} (30. Nd6
$2 Rxa7 31. Nxf7 Rxa3 $17) 30... Ne4 31. Rd7 Qc4 (31... Qf6 $6 32. Qb3+ {
[%cal Rb3f7] /\Qf7}) 32. Qb3 $8 Qxb3 33. axb3 Bxc3 (33... Nxc3 $2 34. Nxc3 Bxc3
35. R1d6 $16) 34. Nxc3 Rac8 $1 (34... Nxc3 35. R1d6 $40) 35. Kb2 (35. Bxb6 $2
Nxc3 36. Bc5 $8 Nxd1 $17) 35... Nxc3 $132 36. R1d2 (36. R1d6 $6 Re2+ $15) 36...
Rc6 37. Rb7 (37. Rc2 Rec8 $36) 37... Nb5 38. Bxb6 (38. Rdd7 $2 Re2+ $19) 38...
Nd6 39. Rd7 Ne4 $1 $14 (39... Rxb6 40. R7xd6 Rxd6 41. Rxd6 Re2+ 42. Kc3 Rxg2
43. b5 $18 {[%csl Gb5] o^b}) 40. Rd8 $8 Kf8 41. Rxe8+ Kxe8 {Although White has
a B and an extra passed pawn, Black's centralized N and K-side pawns give him
sufficient counterchances.} 42. Rd8+ Ke7 43. Rb8 g5 44. b5 Rd6 45. Ba5 Rd5 $132
46. b4 f4 47. b6 Nd6 48. Kc3 (48. b7 Rb5 $10) (48. Rh8 $5 Rd2+ (48... g4 49. b7
$1 Nxb7 50. Rh7+) 49. Kc3 Rxg2 50. b7 Nxb7 51. Rh7+ Ke6 52. Rxb7 Rxh2 $13)
48... Ke6 49. Rh8 g4 50. Rh6+ (50. Rf8 Rf5 $5 $10) 50... Kd7 51. Rh7+ (51. Rf6
$5 Ne4+ 52. Kc4 Rxa5 $1 (52... Nxf6 $2 53. b7) 53. b7 (53. bxa5 $2 Nxf6 54. a6
Kc6 $19) (53. Rf7+ $2 Kc6 (53... Kc8 $2 54. Rc7+) 54. b7 Nd6+ 55. Kb3 Rb5 $19)
53... Nd2+ 54. Kc3 Ne4+ 55. Kd4 Rb5 56. Kxe4 Rxb4+ $10) 51... Kc8 52. Rh8+
1/2-1/2

[Event "Tilburg Fontys"]
[Site "Tilburg"]
[Date "1996.10.21"]
[Round "9"]
[White "Almasi, Zoltan"]
[Black "Svidler, Peter"]
[Result "1/2-1/2"]
[WhiteElo "2655"]
[BlackElo "2650"]
[Annotator "Stohl,I"]
[PlyCount "64"]
[EventDate "1996.10.11"]
[EventType "tourn"]
[EventRounds "11"]
[EventCountry "NED"]
[EventCategory "16"]
[SourceTitle "CBM 056"]
[Source "ChessBase"]
[SourceDate "1997.02.01"]
[SourceVersion "1"]
[SourceVersionDate "1997.02.01"]
[SourceQuality "1"]

1. e4 g6 2. d4 Bg7 3. Nc3 d6 4. f4 Nf6 5. Nf3 O-O 6. Bd3 Na6 {Nowadays the
most popular and fashionable line against 4.f4, together with 5...c5. However,
the alternative 6...Nc6 still remains playable.} 7. O-O c5 8. d5 Bg4 $5 {
An important resource, aiming to exchange one of the attackers. Many games
have been decided by the standard atacking scheme Qe1-h4,f5,Bh6,Ng5 etc.} 9.
Kh1 {It's not easy to decide what is White's best reply, but I like the direct
9.Qe1!?} (9. a3 Nd7 10. h3 Bxf3 11. Qxf3 Rc8 12. Be3 Qa5 13. Qf2 c4 14. Be2
Nac5 15. Bf3 Na4 16. Nxa4 Qxa4 17. c3 Nc5 18. Bxc5 Rxc5 19. Rae1 (19. e5 $5 Qa5
20. Rae1 Qb6 {[%cal Yc5b5] /\Rb5=}) 19... Qa5 20. Qg3 Qb6 21. Rf2 e6 $1 22.
dxe6 fxe6 23. Bg4 Rf6 24. Qe3 h5 25. Bd1 Rc8 26. Qxb6 {1/2,Polgar,J-Svidler,P/
Tilburg Fontys/1996/}) (9. Bc4 Nd7 (9... Nc7 10. h3 Bxf3 11. Qxf3 a6 (11... Nd7
12. Be3 a6 13. a4 b6 14. Rad1 Qb8 15. e5 b5 16. Be2 bxa4 17. Nxa4 Qb4 18. b3
Nb5 19. Bc4 Nd4 20. Qf2 Qb7 21. e6 Nb6 22. Nxb6 Qxb6 23. Qd2 a5 24. Rb1 Nf5 25.
Bf2 Qb4 26. Qd3 Qc3 $132 {Solomon,S-Sarno,S/Jerevan olm/1996/}) 12. a4 b6 13.
Re1 Nd7 14. Ra3 Rb8 15. Rb3 Kh8 16. Kh1 Qc8 17. Be3 b5 $1 18. axb5 Nb6 19. Qf1
Nxc4 20. Qxc4 axb5 21. Nxb5 Rxb5 22. Rxb5 {1/2,Wahls,M-Nogueiras,J/Cienfuegos
Capablanca mem/1996/} Qa6 23. Rb4 Qa5 $1 24. c3 $1 cxb4 25. cxb4 Qb5 26. Qxc7
Qxb4 $10) 10. h3 Bxf3 11. Rxf3 Nc7 12. a4 Rb8 13. Qd3 Re8 14. Be3 a6 15. Raf1 (
15. a5 $14) 15... Qc8 16. e5 $6 dxe5 17. d6 exd6 18. Bxf7+ Kxf7 19. Ne4 Kg8 20.
Nxd6 Qd8 21. f5 gxf5 22. Rxf5 Re6 23. Rg5 Nf8 24. Nf5 Ng6 25. Qe2 Qe8 26. h4
Bf6 $19 {Finkel,A-Zilberman,Y/ISR-ch Jerusalem/1996/}) (9. Be3 Bxf3 10. gxf3
Nd7 11. Ne2 Nc7 12. c3 b5 13. a4 a6 14. Ra2 Qb8 $13 {1/2,Nijboer,F-Svidler,P/
Ter Apel/1996/}) (9. Be2 $6 Nc7 10. h3 Bxf3 11. Bxf3 Nd7 12. e5 dxe5 13. d6
exd6 14. Qxd6 Ne6 15. Bxb7 Rb8 16. Bc6 Nb6 17. fxe5 Qh4 18. Rxf7 Qe1+ {0-1,
Tonning,E-Hoi,C/Copenhagen PC/1996/}) (9. h3 Bxf3 10. Rxf3 Nc7 11. Qe1 (11. a4
a6 12. a5 Nb5 13. Bd2 Nd4 14. Re3 e6 15. g4 exd5 16. Nxd5 Nxd5 17. exd5 Qf6 18.
Re4 Qh4 19. Kg2 f5 20. Re1 g5 21. Rf1 $1 $14 {Olivier,JC-Todorcevic,M/Cannes
op/1996/}) 11... e6 12. dxe6 fxe6 13. a4 d5 14. e5 Nd7 15. h4 c4 16. Be2 Rf7
17. Rh3 Qf8 18. Qg3 d4 19. Ne4 Bh6 20. h5 Bxf4 21. Bxf4 Rxf4 22. hxg6 Rxe4 23.
Rf1 Rxe2 24. Rxh7 Qc5 25. Rh8+ {1-0,Ankerst,Mil-Praznik,A/Bled op/1996/}) (9.
Qe1 $5 Nb4 10. a3 (10. Qh4 $6 c4 $1 11. Bxc4 Nxc2 12. Rb1 Rc8 $36) (10. Nd2 {
[%cal Rf4f5] /\f5} Bd7 11. Qh4 b5 $132) 10... Nxd3 11. cxd3 Rc8 12. Nd2 Bd7 13.
a4 a6 14. a5 Bb5 15. Nc4 Bxc4 16. dxc4 b6 17. Bd2 Rb8 18. e5 Nd7 19. e6 Nf6 20.
f5 bxa5 21. Nd1 fxe6 22. Qxe6+ Kh8 23. fxg6 Qc8 24. Qxe7 Qg4 25. Bc3 Qxg6 26.
Qxd6 Rbe8 27. Nf2 $16 {Kovacevic,A-Todorcevic,M/JUG-chT Budva/1996/}) 9... Nd7
$1 $146 {This logical move is surprisingly a novelty. The Na6 remains flexible
(Nb4 or Nc7) and Black makes another useful move.} (9... Nc7 10. Qe1 Bxf3 11.
Rxf3 Nd7 (11... e6 12. dxe6 Nxe6 13. f5 Nd4 14. Rh3 Ng4 15. Qg3 h5 16. Bf4 Be5
17. Rf1 Qf6 18. Nd5 Qg7 19. Ne7+ Kh7 20. Qxg4 {1-0,Cabrilo,G-Gerer,J/Royan
open A/1989/}) (11... a6 12. Qh4 e6 13. f5 exf5 14. exf5 b5 15. Bg5 c4 16. Be2
Nce8 17. Raf1 Qa5 18. Rh3 h5 19. Ne4 Nxe4 20. Qxe4 Nc7 21. Bxh5 Rfe8 22. Qh4
gxh5 23. f6 Qa4 24. Qxh5 Qxc2 25. fxg7 Qg6 26. Qh8# {1-0,De Firmian,N-Hoi,C/
Copenhagen PC/1996/}) 12. Bd2 Rb8 13. a4 a6 14. a5 e6 15. dxe6 fxe6 16. Bc4 b5
17. axb6 Nxb6 18. Bxa6 Nxa6 19. Rxa6 Nc4 20. b3 Nxd2 21. Qxd2 Ra8 22. Ra4 c4
23. h3 cxb3 24. cxb3 Qb6 25. Rxa8 Rxa8 26. Na4 Qc6 27. Rd3 $14 {Winterstein,
W-Hoi,C/Copenhagen Politiken op/1991/}) (9... Bxf3 10. Rxf3 Nc7 11. a4 e6 12.
dxe6 fxe6 13. Qe1 Nd7 14. Bd2 Kh8 15. Rh3 e5 16. Qg3 Qe8 17. Nb5 Nxb5 18. Bxb5
Qf7 19. Rxh7+ Kxh7 20. Qh3+ Bh6 21. fxe5 Qg7 22. Bxd7 dxe5 23. Bg5 Rad8 24.
Bxd8 Rxd8 $14 {Jonkman,H-Reinderman,D/Wijk-B/1994/}) (9... e6 10. dxe6 fxe6 11.
h3 Bxf3 12. Rxf3 Nb4 13. f5 gxf5 14. exf5 Qc8 15. fxe6 Qxe6 16. Bf5 Qe5 17. g4
Nbd5 18. Nxd5 Nxd5 19. Rb1 b5 20. Bg5 Rae8 21. Rd3 Nf4 22. Rf3 Nd5 23. Rd3 Nf4
24. Rf3 {1/2,Okkes,M-Cuijpers,F/NLD-chT9495/1995/}) 10. h3 (10. Qe1 Bxf3 11.
Rxf3 Nb4 {[%cal Rc5c4] /\c4} 12. Qh4 Nxd3 13. cxd3 e6 $10) 10... Bxf3 11. Rxf3
Rc8 $5 {[%cal Rc5c4,Ra6c5] /\c4,Nac5} 12. Qe2 Qa5 13. Bd2 (13. Nd1 Nb4 14. Bc4
Nb6 15. c3 Nxc4 16. Qxc4 Na6 $10) (13. a3 $2 Bxc3 14. bxc3 Qxc3 15. Rb1 c4 $19)
(13. Rb1 Nb6 14. Bxa6 Qxa6 $132) 13... Nb4 $10 14. Nd1 Qc7 15. c4 (15. Bxb4 $2
cxb4 {[%cal Rd7c5] /\Nc5=/+}) 15... e6 (15... Nxd3 16. Rxd3 e6 $13) 16. Bb1
exd5 17. cxd5 (17. exd5 Rfe8 18. Qf1 Re7 $10 {[%cal Ge7e1] <->e}) 17... Rfe8 {
[%cal Rb4d5] /\Nd5} 18. Qf1 Na6 19. Bc3 (19. Bd3 c4 20. Rc1 b5 {[%cal Ra6c5] /
\Nac5|^}) 19... c4 $1 20. Bxg7 Kxg7 21. Nc3 b5 $1 22. Nxb5 $8 (22. a3 Nac5 $36)
22... Qb6 23. a4 Nac5 24. Bc2 (24. Nc3 Qxb2 25. Ra2 Qb4 $132 {[%csl Re4] ><e4})
(24. Qxc4 $2 Nxe4 25. Qd4+ Qxd4 26. Nxd4 Rc1+ 27. Kh2 Nd2 $19) 24... Nxe4 25.
Bxe4 Rxe4 26. f5 f6 $5 (26... Ne5 $6 27. f6+ Kh8 28. Rf4 $14) 27. fxg6 hxg6 28.
Rf4 Rce8 {Black's pieces are nicely centralized and he holds the balance
easily.} (28... Rxf4 $6 29. Qxf4 Ne5 30. Rf1 f5 31. Nd4 $40 {[%csl Rf5,Rg6] ׻}
) 29. Rxe4 Rxe4 30. Re1 Re5 $5 (30... Rxe1 $10) 31. Rd1 (31. Rxe5 Nxe5 $15)
31... Re4 (31... Qc5 32. Nd4 Nf8 33. Nc6 Rxd5 34. Rxd5 Qxd5 35. Nxa7 $10) 32.
Re1 Rxe1 (32... Rxe1 33. Qxe1 Ne5 34. Qb4 Qf2 35. Qxd6 Qe1+ 36. Kh2 Nf3+ $10 (
36... Ng4+ $10)) 1/2-1/2

[Event "Santa Clara"]
[Site "Santa Clara"]
[Date "1991.??.??"]
[Round "10"]
[White "Vilela de Acuna, Jose Luis"]
[Black "Nogueiras Santiago, Jesus"]
[Result "1/2-1/2"]
[WhiteElo "2440"]
[BlackElo "2535"]
[Annotator "Stohl,I"]
[PlyCount "84"]
[EventDate "1991.02.??"]
[EventType "tourn"]
[EventRounds "13"]
[EventCountry "CUB"]
[EventCategory "9"]
[SourceTitle "CBM 026"]
[Source "ChessBase"]
[SourceDate "1992.02.01"]
[SourceVersion "1"]
[SourceVersionDate "1992.02.01"]
[SourceQuality "1"]

1. d4 d6 2. e4 Nf6 3. Nc3 g6 4. f4 Bg7 5. Nf3 O-O 6. Bd3 Na6 7. O-O c5 8. d5
Nc7 (8... Rb8 9. a3 (9. Qe1 Nb4 $5 $132) (9. Bc4 $5 Nc7 10. a4 e6 $6 11. dxe6
Bxe6 12. Bxe6 fxe6 13. Qe2 d5 14. e5 Nd7 15. Nb5 a6 16. Nxc7 Qxc7 17. c4 dxc4
18. Qxc4 Qc6 19. a5 $1 $16 {Khalifman,A-Schlosser,M,Sochi-A 1989-CBM 16}) (9.
Kh1 Bg4 10. a3 Nc7 11. Qe1 b5 12. Qh4 Bxf3 13. Rxf3 e6 14. dxe6 fxe6 15. e5
Nfd5 16. Qxd8 Rfxd8 17. exd6 Rxd6 18. Ne4 Rc6 19. c3 c4 20. Bf1 a5 $10 {
Renet,O-Piket,J,Lyon zt 1990-CBM 18}) 9... Nc7 10. Qe1 Bg4 11. Qh4 b5 12. f5
gxf5 13. exf5 (13. e5 $5 $146) 13... c4 14. Be4 Nxe4 15. Qxg4 Nf6 16. Qg3 Kh8
17. Rd1 a5 18. Ng5 b4 19. Ne2 Ncxd5 20. Kh1 $40 {Rogers,I-Ftacnik,L,Sydney
Mercantile 1991-CBM 23}) 9. a4 (9. Qe1 $142 $5 e6 $6 10. dxe6 Bxe6 11. f5 Bd7
12. Qh4 b5 13. Bg5 b4 14. e5 $1 dxe5 15. Ne4 Nce8 16. fxg6 hxg6 17. Nxe5 Bf5
18. Nc6 Qc7 19. Nxf6+ Nxf6 20. Bxf6 Qxc6 21. Rxf5 {1-0;Cabrilo,G-Strikovic,A,
Niksic 1991-CBM 24}) 9... Bg4 10. h3 Bxf3 11. Qxf3 e6 12. Bd2 exd5 13. exd5 b6
$5 {N} (13... a6 14. a5 Rb8 15. Bc4 Nd7 16. Na4 Nb5 (16... b5 $5 17. axb6 Nxb6
18. Nxb6 Rxb6 19. Bc3 $14) 17. Qd3 Nd4 18. Rae1 $36 {Polgar,J-Todorcevic,M,
Pamplona 1990-CBM 21}) 14. Bb5 $5 (14. f5 $6 Nd7 {/\Ne5}) (14. Rae1 Re8 $5 $132
(14... Qd7 $2 15. f5 $40)) 14... Nxb5 $8 (14... a6 15. Bc6 Rb8 16. f5 $36) 15.
axb5 Nd7 16. Rfe1 Qc7 $13 17. Kh1 (17. Ra4 Rfe8 18. Rae4 Nf6 $10) 17... Rfe8
18. f5 Bd4 (18... Ne5 $6 19. Qf4 $36 {/\f6}) 19. Ne4 Bxb2 20. Rad1 $146 {/\c3}
Bg7 $8 (20... Nf6 $2 21. Nxf6+ Bxf6 22. fxg6 $18) 21. Bf4 (21. f6 Bf8 $13 (
21... Rxe4 $5 22. Rxe4 Nxf6 23. Rf4 Nh5 24. Ra4 Be5 $132)) 21... Be5 (21... Ne5
$5 22. Qg3 $146) 22. fxg6 $2 (22. Bh6 $5 Qd8 23. Rf1 $40) 22... hxg6 23. Bxe5
Rxe5 (23... Nxe5 24. Nf6+ Kg7 25. Nxe8+ $16) 24. Nf6+ Kg7 (24... Nxf6 $5 25.
Rxe5 dxe5 26. Qxf6 Qd7 $1 (26... Rd8 $6 27. d6 Qd7 28. Rd5 $1 e4 29. Re5 {
/\Re7+-} Qxd6 30. Re8+ $18) (26... Re8 $6 27. Qc6 Qd8 28. d6 $36) 27. Qc6 (27.
Qxe5 Qxb5 $15) 27... Rd8 28. c4 Kg7 $13) 25. Nxd7 Qxd7 (25... Rxe1+ 26. Rxe1
Qxd7 27. Qc3+ Kg8 28. Qf6 Qxb5 29. Qxd6 $146) 26. Rxe5 dxe5 27. d6 Rd8 28. Qd5
$146 Qe6 29. Qxe6 fxe6 30. Kg1 Kf7 31. Kf2 Ke8 32. Ke3 Kd7 33. Ra1 $1 $8 (33.
Ke4 Rf8 34. Kxe5 Rf5+ 35. Ke4 Rf2 $17) 33... Rf8 $8 (33... Ra8 34. Ke4 Kxd6 35.
Rd1+ Ke7 36. Kxe5 $36) (33... Kxd6 $2 34. Rd1+ $1 Ke7 35. Rxd8 Kxd8 36. Ke4 $18
) 34. Rxa7+ Kxd6 35. Ra2 (35. Rb7 Kd5 36. Rxb6 Rf1 $10 {<=>}) 35... Kd5 36. Ra6
Rf1 (36... Rb8 37. Kd3 c4+ 38. Kc3 Kc5 39. Ra4 Kxb5 40. Rxc4 $10) 37. Rxb6 Re1+
38. Kd2 Rg1 39. g4 Rg2+ 40. Kd1 Rg1+ $10 (40... Rh2 41. Rb8 Rxh3 42. b6 Rh1+ (
42... Kc6 43. Re8 $10) 43. Kd2 Rb1 44. b7 Kc6 45. Re8 $10) 41. Kd2 Rg2+ 42. Kd1
Rg1+ {[Stohl,I]} 1/2-1/2

[Event "Santa Clara"]
[Site "Santa Clara"]
[Date "1991.??.??"]
[Round "8"]
[White "Ruban, Vadim"]
[Black "Nogueiras Santiago, Jesus"]
[Result "1-0"]
[WhiteElo "2575"]
[BlackElo "2535"]
[Annotator "Stohl,I"]
[PlyCount "81"]
[EventDate "1991.02.??"]
[EventType "tourn"]
[EventRounds "13"]
[EventCountry "CUB"]
[EventCategory "9"]
[SourceTitle "CBM 026"]
[Source "ChessBase"]
[SourceDate "1992.02.01"]
[SourceVersion "1"]
[SourceVersionDate "1992.02.01"]
[SourceQuality "1"]

1. d4 d6 2. e4 Nf6 3. Nc3 g6 4. f4 Bg7 5. Nf3 O-O 6. Be2 c5 7. dxc5 Qa5 8. O-O
Qxc5+ 9. Kh1 Nc6 10. Bd3 e5 $6 (10... Bg4 $142 11. Qe1 Rac8 $5 12. Be3 Qa5 13.
Nd2 Be6 14. f5 Bd7 15. Nc4 Qd8 16. Qh4 b5 $1 17. Nxb5 Nb4 18. Nxa7 Rxc4 19.
Bxc4 Nxc2 20. Rae1 Qb8 21. e5 dxe5 22. fxg6 hxg6 23. Bc5 Nxe1 24. Qxe1 Qc7 $17
{Moretensen,E-Hansen,C,Esboo zt 1989-CBM 14}) 11. Qe1 (11. fxe5 dxe5 12. Bg5
Be6 $10) 11... exf4 (11... Nb4 $5 12. Qh4 $36) (11... Bg4 12. Be3 Qa5 13. Nd2
exf4 14. Nc4 Qh5 15. Bxf4 d5 16. exd5 Nxd5 17. Nxd5 Qxd5 18. Ne3 $14) 12. Bxf4
Re8 {N} (12... Ne5 $6 13. Nxe5 dxe5 14. Bg5 $16 {><d5}) (12... d5 13. Qh4 $1
dxe4 14. Ng5 Bf5 15. Bd6 $3 $16 {Sax,G-Nikolic,P,Manila izt 1990-CBM 19}) 13.
Qh4 Be6 14. Ng5 $36 {/\15.e5 de5 16.Nce4+-} Ne5 15. Rae1 {/\Be3,Rf6} (15. Bxe5
$6 Qxe5 16. Rxf6 Bxf6 17. Qxh7+ Kf8 $17) 15... h6 $8 (15... Nh5 16. g4 $1 Nxf4
(16... Nxg4 17. Nxe6 fxe6 18. Qxg4 $18) (16... Bxg4 17. Bxe5 $18) 17. Qxh7+ Kf8
18. Rxf4 Nxd3 19. Nxe6+ Rxe6 20. cxd3 $16) 16. Nxe6 fxe6 (16... Rxe6 17. Bxh6
Bxh6 18. Qxh6 Nfg4 19. Qd2 $16) 17. Be3 (17. Bxh6 Bxh6 18. Qxh6 Nfg4 19. Qd2
Rf8 $146) 17... Qb4 18. Bxh6 (18. Rxf6 $6 g5 19. Bxg5 (19. Qf2 $2 Ng4) 19...
hxg5 20. Qxg5 Nxd3 21. Rg6 Nf2+ 22. Kg1 Qd4 23. Rxg7+ $8 Qxg7 24. Qxg7+ Kxg7
25. Kxf2 $13) 18... Bxh6 19. Qxh6 Nfg4 20. Qd2 Rf8 (20... Qxb2 $2 21. Rb1 Qa3
22. Rxb7 $16) 21. h3 Nf6 22. Rd1 Nh5 23. Kh2 Qxb2 (23... a6 24. Be2 $16) (23...
Rxf1 24. Rxf1 Rf8 25. Rxf8+ Kxf8 26. Be2 $16) 24. Be2 $1 Nf6 $8 25. Rb1 Qa3 26.
Rxb7 Qc5 27. Nb5 $2 (27. Qh6 Nfd7 28. Rxd7 Nxd7 29. Qxg6+ Kh8 30. Qh6+ Kg8 31.
Qxe6+ $18) 27... Nxe4 28. Rxf8+ (28. Qh6 Ng4+ $1 29. hxg4 (29. Bxg4 Qe5+ 30.
Kg1 Qc5+ $10) 29... Qe5+ 30. Kg1 Qc5+ 31. Kh2 $10 (31. Kh1 $2 Rxf1+ 32. Bxf1
Nf2+ $1 $19 {/\Ng4})) 28... Rxf8 29. Qd4 Qxc2 $5 (29... Qxd4 30. Nxd4 $16) 30.
Nxd6 $2 (30. Qxa7 Nf6 31. Nd4 Qc8 (31... Qd2 32. Nxe6 $1 Qxe2 33. Rg7+ Kh8 34.
Rh7+ $1 $18) 32. Rc7 $14 {/\Ne6}) 30... Qc5 $2 (30... Nxd6 31. Qxd6 Qxe2 32.
Qxe6+ Kh8 (32... Rf7 33. Qe8+ (33. Rxf7 $4 Nf3+ 34. Rxf3+ Qxe6 $19) 33... Rf8
34. Qe6+ Kh8 {-32...Kh8}) 33. Qe7 Nf3+ 34. Kg3 Qxe7 35. Rxe7 Nd4 36. Rxa7 $146)
31. Qxc5 Nxc5 32. Rxa7 $18 Rf2 33. Bb5 Rd2 34. Nc4 Nxc4 35. Bxc4 Rd4 36. Bb5 {
/\a4-a5} Rb4 37. Be8 g5 38. Rc7 Rc4 (38... Ne4 39. Bf7+ $18) 39. Bf7+ Kf8 40.
Bxe6 Rc3 41. Bd5 {[Stohl,I]} 1-0